000 00560nam a22001932 4500
001 0000009724
005 20151217155842.0
008 081123s xx 000 0 eng d
040 _aKABU
_cKABU
100 1 _aCalvert, Albert F.
_@0000161479
245 1 4 _aThe German African empire /
_cAlbert F. Calvert.
250 _a1st ed.
260 _aLondon :
_bT. Werner,
_c1916.
300 _axxix, 335 p.
651 0 _aGermay
_xColonies
_zAfrica.
_@0000161480
852 1 _9p500 KES
908 _a081123
950 _@1
999 _c13249
_d13249